| 000 | 00534nam a2200181 a 4500 | ||
|---|---|---|---|
| 001 | 000043155 | ||
| 005 | 20201002040659.0 | ||
| 008 | 140220s1976 sp 000 0 spa d | ||
| 020 | _a8472235726 | ||
| 040 |
_aDO-SdBNP _bspa _cBNPHU |
||
| 082 |
_axxx _bM689Y |
||
| 100 | 1 |
_aYurkievich, Saúl, _d1931-2005. _917322 |
|
| 245 | 1 | 0 |
_aCelebración del modernismo / _cSaúl Yurkievich. |
| 260 |
_aBarcelona : _bTusquets, _c1976. |
||
| 300 |
_a98 p. ; _c18 cm. |
||
| 490 | 1 |
_aCuadernos ínfimos _v72 |
|
| 830 | 0 |
_aCuadernos ínfimos ; _n72 _970717 |
|
| 999 |
_c42644 _d42644 |
||